Analysis of the Use of Municipal Property in Slovakia
Komparatívna analýza využívania všeobecných aktív prostredníctvom vybraných porovnávacích ukazovateľov. Predmetom výskumu všetky slovenské okresné mestá rozdelené do veľkostných kategórií podľa počtu obyvateľov a sledované obdobie je definované ako päťročné, obmedzené na roky 2014 - 2018. Podstatnou...
Guardado en:
| Autor principal: | |
|---|---|
| Formato: | Capítulo de libro |
| Lenguaje: | inglés |
| Materias: | |
| Etiquetas: |
Sin Etiquetas, Sea el primero en etiquetar este registro!
|
MARC
| LEADER | 00000naa a2200000 4500 | ||
|---|---|---|---|
| 001 | 0277354 | ||
| 005 | 20210720132722.0 | ||
| 041 | 0 | |a eng | |
| 044 | |a CZ | ||
| 245 | 1 | 0 | |a Analysis of the Use of Municipal Property in Slovakia |c Lucia Rožová |
| 520 | |a Komparatívna analýza využívania všeobecných aktív prostredníctvom vybraných porovnávacích ukazovateľov. Predmetom výskumu všetky slovenské okresné mestá rozdelené do veľkostných kategórií podľa počtu obyvateľov a sledované obdobie je definované ako päťročné, obmedzené na roky 2014 - 2018. Podstatnou súčasťou príspevku aj konečné poradie výskumných objektov podľa ich úspešnosti vo vybraných benchmarkingových ukazovateľoch s cieľom nájsť benchmark v oblasti správy mestského majetku. | ||
| 610 | 2 | 0 | |a benchmarking |
| 610 | 2 | 0 | |a majetok |
| 610 | 2 | 0 | |a mestá |
| 610 | 2 | 0 | |a okresy |
| 100 | 1 | |a Rožová, Lucia | |